| 000 | 00727cam a22002055a 4500 | ||
|---|---|---|---|
| 001 | L141327 | ||
| 008 | 071116s1961 xxk eng u | ||
| 035 | _a(Sirsi) u141327 | ||
| 041 | 0 | _aeng | |
| 110 | 2 |
_aG. E. Sworder and Sons _95451 |
|
| 245 | 0 | 0 |
_aBishop's Stortford _bhistory of the auctioneers and their premises situate in the centre of North Street 1700-1900 _h[manuscript] |
| 260 | _c1961 | ||
| 300 |
_a[4] p. _c33 cm. + _e1 sheet (25 x 20 cm.) |
||
| 340 | _aTypescript | ||
| 351 | _cSingle item | ||
| 500 | _aItem is accompanied by a letter dated 1 November 1963 acknowledging the donation of the item to the Library. | ||
| 651 | 4 | _aHertfordshire | |
| 690 | _aPROPERTY-AUCTIONEERING-AUCTIONEERS | ||
| 942 | _n0 | ||
| 999 |
_c116706 _d116706 |
||